000 00432nam a2200181Ia 4500
001 3561
005 20260306145652.0
008 260306t2010||||xx |||||||||||||| ||spa||
041 _aESP
082 _a289.5
_bB135
100 _aBenedicto XVI
_eAUT
245 0 _aLuz del mundo:
_bel Papa, la Iglesia y los signos de los tiempos
260 _c2010
300 _a
_c
650 _aGEN
654 _aCHU
942 _cLIB
_dJUS
_fJUS
_2ddc
_n
999 _c3561
_d3561